Monty Python: Things That Float in Water Quiz Stats

 Plays Quiz Updated Sep 29, 2014

Score 0/11 Timer 05:00
4 Plays Today
Quote Objects % Correct
Does ___ sink in water?Wood
88.3%
(10)A Duck!
83.1%
(3)Very small rocks
68%
(2)Apples
37.1%
What also floats in water?:Bread
30.8%
(8)Churches
30.2%
(5)Great Gravy
23.8%
(9)Lead
21.8%
(4)Cider
18.9%
(7)Mud
15.5%
(6)Cherries
15.4%

You're not logged in!

Compare scores with friends on all Sporcle quizzes.
OR
Log In

You Might Also Like...

Show Comments

Extras

Top Quizzes Today


Score Distribution

Your Account Isn't Verified!

In order to create a playlist on Sporcle, you need to verify the email address you used during registration. Go to your Sporcle Settings to finish the process.

Report this User

Report this user for behavior that violates our Community Guidelines.

Details: